000
00418nam a2200145Ia 4500
008
100122s9999 xx 000 0 und d
082
_b
28766
_a
823
100
_a
भागवत यशवंत
245
_a
निर्माल्य
260
_b
ओंकार प्रकाशन
_c
1979
300
_a
148
630
_a
निर्माल्य
730
_a
निर्माल्य
942
_c
BOOK
999
_c
414351
_d
414348